Manual Merck de veterinaria / (Registro nro. 8276)

Detalles MARC
000 -LEADER
fixed length control field 01065nam a2200337 a 4500
001 - CONTROL NUMBER
control field 000014978
003 - CONTROL NUMBER IDENTIFIER
control field DO-SdBNP
005 - DATE AND TIME OF LATEST TRANSACTION
control field 20170915131831.0
007 - PHYSICAL DESCRIPTION FIXED FIELD--GENERAL INFORMATION
fixed length control field 000014978
008 - FIXED-LENGTH DATA ELEMENTS--GENERAL INFORMATION
fixed length control field 100128s2007 sp f 000 0 spa d
020 ## - INTERNATIONAL STANDARD BOOK NUMBER
International Standard Book Number 9788478410798 (obra completa)
020 ## - INTERNATIONAL STANDARD BOOK NUMBER
International Standard Book Number 9788478410804 (V. I)
020 ## - INTERNATIONAL STANDARD BOOK NUMBER
International Standard Book Number 9788478410811 (V. 2)
040 ## - CATALOGING SOURCE
Original cataloging agency BPMSU
Language of cataloging spa
Transcribing agency BPMSU
082 #4 - DEWEY DECIMAL CLASSIFICATION NUMBER
Classification number R 636.089
Item number M294m
092 ## - LOCALLY ASSIGNED DEWEY CALL NUMBER (OCLC)
Classification number
240 ## - UNIFORM TITLE
Uniform title <a href="The Merck veterinary manual">The Merck veterinary manual</a>
Language of a work spa
245 00 - TITLE STATEMENT
Title Manual Merck de veterinaria /
Statement of responsibility, etc. editor, Cynthia M. Kahn ; editor asociado, Scott Line ... [et al.].
250 ## - EDITION STATEMENT
Edition statement 6a. ed.
260 ## - PUBLICATION, DISTRIBUTION, ETC. (IMPRINT)
Place of publication, distribution, etc. Barcelona :
Name of publisher, distributor, etc. Océano,
Date of publication, distribution, etc. 2007.
300 ## - PHYSICAL DESCRIPTION
Extent 2 v. :
Other physical details il. ;
Dimensions 26 cm.
500 ## - GENERAL NOTE
General note Edición especial 50º aniversario
500 ## - GENERAL NOTE
General note Traducción de: The Merck veterinary manual
650 #4 - SUBJECT ADDED ENTRY--TOPICAL TERM
Topical term or geographic name as entry element VETERINARIA
700 12 - ADDED ENTRY--PERSONAL NAME
Personal name Line, Scott,
Relator term ed.
700 12 - ADDED ENTRY--PERSONAL NAME
Personal name Kahn, Cynthia M.,
Relator term ed.
910 ## - USER-OPTION DATA (OCLC)
User-option data Validado. Control de calidad MFF
942 ## - ADDED ENTRY ELEMENTS (KOHA)
Source of classification or shelving scheme Dewey Decimal Classification
Koha item type Libros
956 ## - LOCAL ELECTRONIC LOCATION AND ACCESS (OCLC)
Host name MFILETO
Access number 04
Compression information 20121113
Logon BND01
Processor of request 1048
956 ## - LOCAL ELECTRONIC LOCATION AND ACCESS (OCLC)
Host name VMATEO
Access number 10
Compression information 20150918
Logon BPMSU
Processor of request 00151
Existencias
Withdrawn status Lost status Source of classification or shelving scheme Damaged status Not for loan Collection code Home library Current library Date acquired Source of acquisition Total Checkouts Full call number Barcode Date last seen Copy number Price effective from Koha item type
    Dewey Decimal Classification     Colección de Referencia General Biblioteca Pública Metropolitana Salomé Ureña Biblioteca Pública Metropolitana Salomé Ureña 09/18/2015 Compra   R 636.089 M294m BPMSU15090134 09/18/2015 v. 1 09/18/2015 Libros
    Dewey Decimal Classification     Colección de Referencia General Biblioteca Pública Metropolitana Salomé Ureña Biblioteca Pública Metropolitana Salomé Ureña 09/02/2016 Compra   R636.089 M294m BPMSU16090036 09/02/2016 v. 1, e.2 09/02/2016 Libros
    Dewey Decimal Classification     Colección de Referencia General Biblioteca Pública Metropolitana Salomé Ureña Biblioteca Pública Metropolitana Salomé Ureña 09/02/2016 Compra   R636.089 M294m BPMSU16090037 09/02/2016 v. 2 09/02/2016 Libros
    Dewey Decimal Classification     Colección de Referencia General Biblioteca Pública Metropolitana Salomé Ureña Biblioteca Pública Metropolitana Salomé Ureña 09/15/2017 Compra   R 636.089 M294m BPMET17090017 09/15/2017 v. 2, e. 2   Libros